Daniel o sea la proximidad del fin del siglo y principio del reino universal de Jesucristo

Saved in:
書目詳細資料
主要作者: Sanz y Sanz, Antonio (Author)
格式: 圖書
語言:西班牙语
出版: Madrid Imprenta y Librería de D. Eusebio Aguado 1862
主題:
標簽: 添加標簽
沒有標簽, 成為第一個標記此記錄!

MARC

LEADER 00000cam a2200000 a 4500
001 UCD1038
003 CL-VaPUC
008 151231e18620000sp |||||||||||||||||spa|d
082 0 4 |a 236  |b SAN  |2 21 
100 0 |a Sanz y Sanz, Antonio  |e author  |9 584118 
245 1 0 |a Daniel o sea la proximidad del fin del siglo y principio del reino universal de Jesucristo 
300 |a 335 p 
942 |c BK 
945 |d 20151231 00:35:00  |a gsalatino 
260 |a Madrid  |b Imprenta y Librería de D. Eusebio Aguado  |c 1862 
650 0 |a Escatología  |9 314395 
650 0 |a Teología   |9 258766 
650 0 |a Salvación  |9 315007 
650 0 |a Profetas  |9 314377 
583 |a last modification  |c 20151231 00:35:00  |k Rodrigo Vera 
999 |c 362468  |d 362466 
952 |0 0  |1 0  |3 erd  |4 0  |6 236_000000000000000_SAN_1862  |7 0  |8 P  |9 473744  |a BIBTEO  |b BIBTES  |c TEO_FTES  |i 5275660  |o 236 SAN 1862  |p 5275660  |r 2024-01-18  |w 2019-11-24  |y BK  |z Catalogado en:20151231  |k ICR